000 00958nmm a2200289 a 4500
001 ocm000571078
003 TR-IsHL
005 20201028120036.0
008 130625s2009 tu tur
007 cr cn
020 _a9789759044428
035 _a571078
_b(N$T)
050 0 4 _aB4378.D5
_bK54 2009
090 0 4 _aB4378.D5
_bK54 2009
100 1 _aKierkegaard, Saren
245 1 0 _aKorku ve titreme
_h[electronic resource] /
_cSaren Kierkegaard ; çev. İbrahim Kapaklıkaya
250 _a5. bs.
260 _aİstanbul :
_bAğaç Kitabevi Yayınları,
_c2009
300 _a178 p.
650 4 _aFelsefe, Psikoloji ve Din
650 4 _aPhilosophy, Psychology and Religion
650 0 _aFelsefe, Danimarka
650 0 _aPhilosophy, Denmark
650 7 _aPHILOSOPHY / History & Surveys / Modern
_2bisacsh
700 1 _aKapaklıkaya, İbrahim
856 4 0 _uhttp://search.ebscohost.com/login.aspx?direct=true&scope=site&db=e011xww&AN=571078
999 _c573
_d573